| 000 | 00355nam a22001577a 4500 | ||
|---|---|---|---|
| 999 |
_c10357 _d10357 |
||
| 003 | OSt | ||
| 008 | 210112b ||||| |||| 00| 0 eng d | ||
| 082 | _a537.5 | ||
| 100 | _aPAVATE, K.D. | ||
| 245 | _aWonder Chip | ||
| 250 | _a2nd Ed. | ||
| 260 |
_aNew Delhi _bNational Book Trust India _c2006 |
||
| 300 | _a104 | ||
| 650 | _aGENERAL | ||
| 942 |
_2ddc _cREF |
||